000 00301nam a22001337a 4500
008 180309b xxu||||| |||| 00| 0 eng d
020 _a9780536751966
041 _aeng
080 _a51
100 _a37
101 _aMAT
245 _aCollege technical mathematics
_cChristopher,J
942 _2udc
_cBK
999 _c44586
_d44586